000 00301nam a22001337a 4500
008 180927b xxu||||| |||| 00| 0 eng d
020 _a9780875813929
041 _aeng
080 _25th
_a159.9
100 _a48
101 _aPSI
245 _aCurrent Psychotherapies
_cCorsini,R.J
942 _2udc
_cBK
999 _c48598
_d48598